Ngữ pháp tiếng Hàn thông dụng /
Guardado en:
| Autor principal: | |
|---|---|
| Otros Autores: | , |
| Formato: | Sách giấy |
| Lenguaje: | Vietnamese |
| Publicado: |
TP. HCM :
Nxb. Trẻ,
2004.
|
| Materias: | |
| Etiquetas: |
Agregar Etiqueta
Sin Etiquetas, Sea el primero en etiquetar este registro!
|
| Thư viện lưu trữ: | Thư viện Trường Đại học Đà Lạt |
|---|
| LEADER | 00831nam a2200337 4500 | ||
|---|---|---|---|
| 001 | DLU110120727 | ||
| 005 | ##20110506 | ||
| 040 | # | # | |a DLU |b vie |
| 041 | # | # | |a vie |
| 044 | # | # | |a vn |
| 082 | # | # | |a 495.782 |b TH-L |
| 100 | # | # | |a Thanh Ly. |
| 245 | # | # | |a Ngữ pháp tiếng Hàn thông dụng / |c Thanh Ly, Việt Anh, Nhã Thư. |
| 260 | # | # | |a TP. HCM : |b Nxb. Trẻ, |c 2004. |
| 300 | # | # | |a 326 tr. ; |c 21 cm. |
| 546 | # | # | |a Tài liệu viết bằng song ngữ Hàn - Việt |
| 653 | # | # | |a Ngữ pháp |
| 653 | # | # | |a Tiếng Hàn Quốc |
| 700 | # | # | |a Nhã Thư. |
| 700 | # | # | |a Việt Anh. |
| 923 | # | # | |a 01/2011NN |
| 991 | # | # | |a GT |
| 992 | # | # | |a 32000 |
| 994 | # | # | |a KNN |
| 900 | # | # | |a True |
| 911 | # | # | |a Đào Thị Thu Huyền |
| 925 | # | # | |a G |
| 926 | # | # | |a A |
| 927 | # | # | |a SH |
| 980 | # | # | |a Thư viện Trường Đại học Đà Lạt |